Responses for Show #1995 - Friday, April 16, 1993

Walt Senterfitt game 1.

Contestants

[<< previous game]

Walt Senterfitt, a registered nurse from Los Angeles, California

Brian Hogan, a real estate developer originally from Fort Dodge, Iowa

Julie Peterson, a neighborhood maintenance technician from Phoenix, Arizona (whose 1-day cash winnings total $9,400)

[next game >>]

Jeopardy! Round responses

MONUMENTS
1992 MOVIES
LEGENDARY CREATURES
THE 20th CENTURY
TRANSPORTATION
WORD & PHRASE ORIGINS
    $100 23
Thomas Jefferson

Brian
    $100 15
Batman Returns

Julie
    $100 1
its tongue

Brian
    $100 2
Cuba

Walt
    $100 20
Japan

Brian
    $100 3
Australia

Brian
    $200 27
Mount Rushmore

Julie
    $200 16
Harrison Ford

Julie
    $200 7
its reflection in the mirror

Julie
    $200 4
the Dalai Lama

Brian
    $200 21
Concord

Brian
    $200 6
(Brian: What is scuba?)

a snorkel

JulieBrian
    $1,000 28
St. Augustine

Julie
    $300 17
Goldie Hawn

Julie
    $300 8
burns it

Julie
    $300 5
the Philippines

Walt
    $300 22
The Interstate Commerce Commission

Walt
    $300 11
brown bagging

Julie
    $400 29
the Statue of Liberty

Walt
    $400 18
The Player

Julie
    $400 9
the Yeti (the Abominable Snowman)

Julie
    $400 14
Rupert Murdoch

Julie
    $400 24
Madrid

Julie
    $400 12
a colonel

Brian
    $500 30
Christ of the Andes

Walt
    $500 19
Howards End

Julie
    $500 10
(Alex: Sorry, Walt, not quickly enough.)

the Indian Ocean

Triple Stumper
    $500 26
Admiral Byrd

Brian
    $500 25
General Motors

Walt
    $500 13
(Alex: “Except a man be [*], he cannot see the kingdom of God”.)

born again

Brian

Scores at the first commercial break (after clue 15):

Julie Brian Walt
$1,900 $1,100 $400

Scores at the end of the Jeopardy! Round:

Julie Brian Walt
$4,900 $2,000 $2,100

Double Jeopardy! Round responses

COLONIAL AMERICA
AUTHORS
THE MIDDLE EAST
COFFEE
ART
"X", "Y" & "Z"
    $200 1
Benjamin Franklin

Julie
    $200 10
Chanel

Julie
    $200 13
Tehran

Brian
    $200 18
South America

Walt
    $200 26
Wyeth

Julie
    $200 2
Xerox

Walt
    $400 3
indentured servants

Brian
    $400 11
(Richard) Bach

Brian
    $400 14
the Persian Gulf

Walt
    $400 19
Folger's

Julie
    $400 27
etching

Julie
    $400 7
Yellowstone

Brian
    $600 4
(Brian: Who is Cotton Mather?)

Increase Mather

BrianWalt
    $600 20
Leon Uris

Walt
    $600 15
Saudi Arabia

Walt
    $600 23
espresso

Brian
    $600 28
Florence

Walt
    $600 8
the Yeomen (of the Guard)

Julie
    $2,000 5
(Alex: Say something, Walt?)
(Walt: Uh... what is [*]?)
(Alex: Right. We have had the strangest week; I would just off the top of my head in a half dozen incidents we've had contestants on a Daily Double come up with something off the top of their head at the last moment and it was the correct response.)

Georgia

Walt
    $800 21
(Amy) Tan

Julie
    $800 16
Egypt

Brian
    $3,000 24
(Alex: $3,000 with about a minute to go in the round.)

Java

Brian
    $800 29
(Julie: What is Chicago?)

New York City

JulieWalt
    $800 9
zephyr

Julie
    $1000 6
(Walt: Who is Powhatan?)

Squanto

JulieWalt
    $1000 22
Truman Capote

Julie
    $1000 17
Lebanon

Walt
    $1000 25
Jamaica

Julie
    $1000 30
(Brian: Who is Calder?)

Henry Moore

JulieBrian
    $1000 12
the Yerkes

Walt

Scores at the end of the Double Jeopardy! Round:

Julie Brian Walt
$11,700 $6,200 $9,100

[wagering suggestions for these scores]

Final Jeopardy! Round responses

ASSASSINATIONS
(Alex: [Prior to revealing the responses] Because of a current film he has been in the news very much these days, but the place of the assassination has not, for some reason.)
BrianWho was Malcolm X?
$6,200
WaltWho was Malcolm X?
$9,000
JulieWho was Rob Kenn
$2,599
Malcolm X

Final scores:

Julie Brian Walt
$9,101 $12,400 $18,100
3rd place: Wallace lazy Susan + Wheel of Fortune & Jeopardy! for the Super Nintendo Entertainment System & Sega Genesis 2nd place: trip on Delta to Montreal & stay at Montreal Bonaventure Hilton New champion: $18,100

Game dynamics:

Coryat scores:

Julie Brian Walt
$11,000 $4,000 $7,900
26 R
(including 1 DD),
1 W
16 R
(including 1 DD),
3 W
17 R
(including 1 DD),
1 W

Combined Coryat: $22,900

[game clues] [game scores] [suggest correction]

Game tape date: 1992-12-08
The J! Archive is created by fans, for fans. Scraping, republication, monetization, and malicious use prohibited; this site may use cookies and collect identifying information. See terms. The Jeopardy! game show and all elements thereof, including but not limited to copyright and trademark thereto, are the property of Jeopardy Productions, Inc. and are protected under law. This website is not affiliated with, sponsored by, or operated by Jeopardy Productions, Inc. Join the discussion at JBoard.tv.